<?xml version="1.0" encoding="UTF-8"?>
<record
    xmlns:xsi="http://www.w3.org/2001/XMLSchema-instance"
    xsi:schemaLocation="http://www.loc.gov/MARC21/slim http://www.loc.gov/standards/marcxml/schema/MARC21slim.xsd"
    xmlns="http://www.loc.gov/MARC21/slim">

  <leader>00315nam a2200121Ia 4500</leader>
  <controlfield tag="008">191201s2001    xx            000 0 und d</controlfield>
  <datafield tag="100" ind1=" " ind2=" ">
    <subfield code="a">CHHIBBA,Neeraj</subfield>
  </datafield>
  <datafield tag="245" ind1=" " ind2="0">
    <subfield code="a">Zero Percentile - 2.0 Missed Iit Kissed Gurgaon</subfield>
  </datafield>
  <datafield tag="260" ind1=" " ind2=" ">
    <subfield code="a">N. Delhi</subfield>
    <subfield code="b">Rupa Pub</subfield>
    <subfield code="c">2001</subfield>
  </datafield>
  <datafield tag="300" ind1=" " ind2=" ">
    <subfield code="a">NULL</subfield>
  </datafield>
  <datafield tag="650" ind1=" " ind2=" ">
    <subfield code="a">General Books</subfield>
  </datafield>
  <datafield tag="942" ind1=" " ind2=" ">
    <subfield code="2">ddc</subfield>
    <subfield code="c">BK</subfield>
  </datafield>
  <datafield tag="999" ind1=" " ind2=" ">
    <subfield code="c">476</subfield>
    <subfield code="d">476</subfield>
  </datafield>
  <datafield tag="952" ind1=" " ind2=" ">
    <subfield code="0">0</subfield>
    <subfield code="1">0</subfield>
    <subfield code="2">ddc</subfield>
    <subfield code="4">0</subfield>
    <subfield code="7">0</subfield>
    <subfield code="8">GENERAL</subfield>
    <subfield code="a">PIET</subfield>
    <subfield code="b">PIET</subfield>
    <subfield code="d">2015-11-28</subfield>
    <subfield code="e">COMPLEMENTRY</subfield>
    <subfield code="k">DONATED BY MANAGEMENT</subfield>
    <subfield code="l">4</subfield>
    <subfield code="o">823.92 CHZ</subfield>
    <subfield code="p">27919</subfield>
    <subfield code="r">2026-04-07 14:26:05</subfield>
    <subfield code="s">2026-03-25</subfield>
    <subfield code="w">2015-10-19</subfield>
    <subfield code="y">BK</subfield>
    <subfield code="z">Donated By Management</subfield>
  </datafield>
  <datafield tag="952" ind1=" " ind2=" ">
    <subfield code="0">0</subfield>
    <subfield code="1">0</subfield>
    <subfield code="2">ddc</subfield>
    <subfield code="4">0</subfield>
    <subfield code="7">0</subfield>
    <subfield code="8">GENERAL</subfield>
    <subfield code="a">PIET</subfield>
    <subfield code="b">PIET</subfield>
    <subfield code="d">2015-11-28</subfield>
    <subfield code="e">COMPLEMENTRY</subfield>
    <subfield code="k">DONATED BY MANAGEMENT</subfield>
    <subfield code="l">1</subfield>
    <subfield code="o">823.92 CHZ</subfield>
    <subfield code="p">27920</subfield>
    <subfield code="q">2021-07-26</subfield>
    <subfield code="r">2021-01-27 00:00:00</subfield>
    <subfield code="s">2021-01-27</subfield>
    <subfield code="w">2015-10-19</subfield>
    <subfield code="y">BK</subfield>
    <subfield code="z">Donated By Management</subfield>
  </datafield>
  <datafield tag="952" ind1=" " ind2=" ">
    <subfield code="0">0</subfield>
    <subfield code="1">0</subfield>
    <subfield code="2">ddc</subfield>
    <subfield code="4">0</subfield>
    <subfield code="7">0</subfield>
    <subfield code="8">GENERAL</subfield>
    <subfield code="a">PIET</subfield>
    <subfield code="b">PIET</subfield>
    <subfield code="d">2015-11-28</subfield>
    <subfield code="e">COMPLEMENTRY</subfield>
    <subfield code="k">DONATED BY MANAGEMENT</subfield>
    <subfield code="l">5</subfield>
    <subfield code="o">823.92 CHZ</subfield>
    <subfield code="p">27921</subfield>
    <subfield code="r">2025-11-19 00:00:00</subfield>
    <subfield code="s">2025-11-07</subfield>
    <subfield code="w">2015-10-19</subfield>
    <subfield code="y">BK</subfield>
    <subfield code="z">Donated By Management</subfield>
  </datafield>
  <datafield tag="952" ind1=" " ind2=" ">
    <subfield code="0">0</subfield>
    <subfield code="1">0</subfield>
    <subfield code="2">ddc</subfield>
    <subfield code="4">0</subfield>
    <subfield code="7">0</subfield>
    <subfield code="8">GENERAL</subfield>
    <subfield code="a">PIET</subfield>
    <subfield code="b">PIET</subfield>
    <subfield code="d">2015-11-28</subfield>
    <subfield code="e">COMPLEMENTRY</subfield>
    <subfield code="k">DONATED BY MANAGEMENT</subfield>
    <subfield code="l">3</subfield>
    <subfield code="o">823.92 CHZ</subfield>
    <subfield code="p">27922</subfield>
    <subfield code="q">2025-02-03</subfield>
    <subfield code="r">2024-07-18 00:00:00</subfield>
    <subfield code="s">2024-07-18</subfield>
    <subfield code="w">2015-10-19</subfield>
    <subfield code="y">BK</subfield>
    <subfield code="z">Donated By Management</subfield>
  </datafield>
</record>
